Δημόσια διοίκηση και πολιτική.
Αποθηκεύτηκε σε:
| Άλλοι συγγραφείς: | |
|---|---|
| Μορφή: | Βιβλίο |
| Γλώσσα: | Greek |
| Δημοσίευση: |
Πάτρα :
Ελληνικό Ανοικτό Πανεπιστήμιο,
2000.
|
| Θέματα: | |
| Ετικέτες: |
Προσθήκη ετικέτας
Δεν υπάρχουν, Καταχωρήστε ετικέτα πρώτοι!
|
MARC
| LEADER | 00000cam a2200000 i 4500 | ||
|---|---|---|---|
| 001 | 1/42143 | ||
| 008 | 070309s2000 gr | ||| |||| ||gre|| | ||
| 020 | |a 9605381850 |q (τ. 1) | ||
| 020 | |a 960538258X |q (τ. 2) | ||
| 020 | |a 9605382768 |q (τ. 3) | ||
| 020 | |a 9605382598 |q (τ. 4) | ||
| 020 | |a 9605382695 |q (τ. 5) | ||
| 035 | |l 10087265 | ||
| 035 | |l 10087266 | ||
| 035 | |l 10087272 | ||
| 035 | |l 10087279 | ||
| 035 | |l 10087287 | ||
| 040 | |a GR-MY-UA |b gre |e aacr | ||
| 041 | 0 | |a gre | |
| 082 | 7 | |a 351 |2 (22) | |
| 245 | 0 | 0 | |a Δημόσια διοίκηση και πολιτική. |
| 260 | |a Πάτρα : |b Ελληνικό Ανοικτό Πανεπιστήμιο, |c 2000. | ||
| 300 | |a 5 τ. ; |c 28 εκ. | ||
| 500 | |a Σχολή Κοινωνικών Επιστημών, Πρόγραμμα Σπουδών: Διοίκηση Επιχειρήσεων και Οργανισμών. | ||
| 504 | |a Περιέχει βιβλιογραφικές παραπομπές. | ||
| 505 | 8 | |a Τ. 1. Η ελληνική δημόσια διοίκηση / Σταύρος Ακαλίδης -- τ. 2. Εξέλιξη και οι θεσμοί της ευρωπαϊκής ένωσης / Μιχάλης Τσινισιζέλης -- τ. 3. Κοινοτικά πλαίσια στήριξης / Κώστας Τσεκούρας -- τ. 4. Οικονομικά δημοσίων επιχειρήσεων / Θεόδωρος Γεωργακόπουλος -- τ. 5. Προϋπολογισμός δημοσίων φορέων και οργανισμών / Νίκολαος Τάτσος. | |
| 610 | 2 | 0 | |a European Union. |
| 650 | 0 | 0 | |a Public administration |z Greece. |
| 650 | 0 | 0 | |a Economic development projects |z Greece. |
| 650 | 0 | 0 | |a Economic development projects |z European Union countries. |
| 650 | 0 | 0 | |a Government business enterprises. |
| 650 | 0 | 0 | |a Public administration. |
| 650 | 0 | 0 | |a Budget |z Greece. |
| 650 | 0 | 0 | |a Finance, Public |z Greece. |
| 700 | 1 | |a Ακαλίδης, Σταύρος. | |
| 740 | 0 | |a Η ελληνική δημόσια διοίκηση. | |
| 740 | 0 | |a Εξέλιξη και οι θεσμοί της ευρωπαϊκής ένωσης. | |
| 740 | 0 | |a Κοινοτικά πλαίσια στήριξης. | |
| 740 | 0 | |a Οικονομικά δημοσίων επιχειρήσεων. | |
| 740 | 0 | |a Προϋπολογισμός δημοσίων φορέων και οργανισμών. | |
| 901 | |a BIBL1-2007-1 | ||
| 970 | |a ΧΑΤΖΗΜΙΧΑΗΛ |b ΜΑΡΙΑ |z 2007/03/09 | ||